000 01345cam a2200133 4500500
005 20260329023151.0
041 _afre
042 _adc
100 1 0 _aDupouey, Patrick
_eauthor
245 0 0 _aÉpistémologie de la biologie : La connaissance du vivant
260 _bArmand Colin,
_c2005.
520 _aComment la biologie constitue-t-elle ses objets, ainsi que les méthodes qu'elle met en œuvre pour les connaître ? L'interrogation épistémologique en appelle une autre, plus spécialement philosophique : qu'en est-il de la nature même de ce qu'on appelle la vie ? Les disciplines biologiques ne sauraient par elles-mêmes offrir une réponse suffisante à cette question. Il appartient au philosophe d'interroger l'unité de ces champs disciplinaires et de conduire une réflexion critique sur leurs acquis. L'enjeu des débats et des combats de cette discipline est idéologique et sociale. La religion, la politique, la philosophie elle-même ont plus d'une fois tenté des manœuvres de récupération. Et dans cette histoire, la science ne fait pas toujours figure de victime innocente. La philosophie doit donc aussi réfléchir sur la portée des savoirs biologiques au-delà de la science elle-même.
856 4 1 _uhttps://shs.cairn.info/epistemologie-de-la-biologie--9782200344726?lang=fr&redirect-ssocas=7080
999 _c1925186
_d1925186